Normal view
MARC view
- Farm Equipment
Entry Topical Term
001 - CONTROL NUMBER
- control field: 5076
003 - CONTROL NUMBER IDENTIFIER
- control field: OSt
005 - DATE AND TIME OF LATEST TRANSACTION
- control field: 20210916111907.0
008 - FIXED-LENGTH DATA ELEMENTS
- fixed length control field: 210916|| aca||aabn | a|a d
040 ## - CATALOGING SOURCE
- Original cataloging agency: OSt
- Transcribing agency: OSt
150 ## - HEADING--TOPICAL TERM
- Topical term or geographic name as entry element: Farm Equipment
670 ## - SOURCE DATA FOUND
- Source citation: Work cat.: (OSt): Desmond,Kevin 5075, Eectric machines In Agriculture, 2020
